Abiotic Stress Management for Climate Smart Agriculture/ by M. Prakash (Record no. 52236)

MARC details
000 -LEADER
fixed length control field 00522nam a22001577a 4500
003 - CONTROL NUMBER IDENTIFIER
control field OSt
008 - FIXED-LENGTH DATA ELEMENTS--GENERAL INFORMATION
fixed length control field 260623b |||||||| |||| 00| 0 eng d
020 ## - INTERNATIONAL STANDARD BOOK NUMBER
International Standard Book Number 9789388892612
082 ## - DEWEY DECIMAL CLASSIFICATION NUMBER
Classification number 632.1
Item number P89A
100 ## - MAIN ENTRY--PERSONAL NAME
Personal name Prakash, M.
245 ## - TITLE STATEMENT
Title Abiotic Stress Management for Climate Smart Agriculture/ by M. Prakash
260 ## - PUBLICATION, DISTRIBUTION, ETC. (IMPRINT)
Place of publication, distribution, etc New Delhi:
Name of publisher, distributor, etc International Books & Periodicals Supply Service,
Date of publication, distribution, etc 2021.
300 ## - PHYSICAL DESCRIPTION
Extent viii, 215 p.
650 ## - SUBJECT ADDED ENTRY--TOPICAL TERM
Topical term or geographic name as entry element Sustainable development | Climatic changes | Crops--Effect of stress
942 ## - ADDED ENTRY ELEMENTS (KOHA)
Source of classification or shelving scheme
Koha item type Books
Holdings
Withdrawn status Lost status Source of classification or shelving scheme Damaged status Not for loan Home library Current library Shelving location Date acquired Source of acquisition Cost, normal purchase price Total Checkouts Full call number Barcode Date last seen Bill Date Koha item type Bill Number
          Dr. Rajendra Prasad Central Agricultural University Pusa, Dr. Rajendra Prasad Central Agricultural University Pusa, General Stacks 23/06/2026 IBPSS 2450.00   632.1 P89A 87100 23/06/2026 28/01/2026 Books Invoice No. IBPS/021/2025-26
Hosted, Implemented, Customized & Maintained by: BestBookBuddies

Powered by Koha